Why cats paint : (Record no. 101)

MARC details
000 -LEADER
fixed length control field 01323cam a2200325 a 4500
005 - DATE AND TIME OF LATEST TRANSACTION
control field 20260322212006.0
008 - FIXED-LENGTH DATA ELEMENTS--GENERAL INFORMATION
fixed length control field data
010 ## - LIBRARY OF CONGRESS CONTROL NUMBER
LC control number 94217523
020 ## - INTERNATIONAL STANDARD BOOK NUMBER
International Standard Book Number 0898156122 :
Terms of availability {dollar}14.95
020 ## - INTERNATIONAL STANDARD BOOK NUMBER
International Standard Book Number 9780898156126 :
Terms of availability {dollar}14.95
040 ## - CATALOGING SOURCE
Original cataloging agency DLC
Transcribing agency DLC
Modifying agency DLC
050 00 - LIBRARY OF CONGRESS CALL NUMBER
Classification number PN6231.C23
Item number B86 1994
082 00 - DEWEY DECIMAL CLASSIFICATION NUMBER
Classification number 750
Edition information 20
092 ## - LOCALLY ASSIGNED DEWEY CALL NUMBER (OCLC)
Classification number 750 Bus 1994
001 - CONTROL NUMBER
control field data
100 1# - MAIN ENTRY--PERSONAL NAME
Personal name Busch, Heather.
245 10 - TITLE STATEMENT
Title Why cats paint :
Remainder of title a theory of feline aesthetics /
Statement of responsibility, etc. Heather Busch & Burton Silver.
260 ## - PUBLICATION, DISTRIBUTION, ETC.
Place of publication, distribution, etc. Berkeley, Calif. :
Name of publisher, distributor, etc. Ten Speed Press,
Date of publication, distribution, etc. c1994.
300 ## - PHYSICAL DESCRIPTION
Extent 96 p. :
Other physical details col. ill. ;
Dimensions 28 cm.
504 ## - BIBLIOGRAPHY, ETC. NOTE
Bibliography, etc. note Includes bibliographical references (p. 96).
650 #0 - SUBJECT ADDED ENTRY--TOPICAL TERM
Topical term or geographic name entry element Cats
Form subdivision Humor.
650 #0 - SUBJECT ADDED ENTRY--TOPICAL TERM
Topical term or geographic name entry element Art
Form subdivision Humor.
700 1# - ADDED ENTRY--PERSONAL NAME
Personal name Silver, Burton.
856 42 - ELECTRONIC LOCATION AND ACCESS
Materials specified Contributor biographical information
Uniform Resource Identifier <a href="http://www.loc.gov/catdir/enhancements/fy0909/94217523-b.html">http://www.loc.gov/catdir/enhancements/fy0909/94217523-b.html</a>
856 42 - ELECTRONIC LOCATION AND ACCESS
Materials specified Publisher description
Uniform Resource Identifier <a href="http://www.loc.gov/catdir/enhancements/fy0909/94217523-d.html">http://www.loc.gov/catdir/enhancements/fy0909/94217523-d.html</a>
906 ## - LOCAL DATA ELEMENT F, LDF (RLIN)
a 7
b cbc
c orignew
d 2
e ncip
f 19
g y-gencatlg
922 ## -
-- co
955 ## - COPY-LEVEL INFORMATION (RLIN)
-- tc12 2010-01-05 Copy 2 to CALM
991 ## -
-- c-GenColl
-- SF446.5
-- .B87 1994
-- 00027322268
-- Copy 1
-- BOOKS
Holdings
Withdrawn status Lost status Damaged status Not for loan Home library Current library Shelving location Date acquired Total checkouts Full call number Barcode Date last seen Price effective from Koha item type
        Franklin Franklin General stacks 22/03/2026   750 20 BC0010105 22/03/2026 22/03/2026 Books